000 00512cam a2200217ua 4500
001 7647
005 20260515114235.0
008 141218n ii |||gr||||Z||||||asm
020 _a8173394895
040 _cMAIN
041 _aasm
082 _a303.4
100 _aSaikia, U.,
_eAuthor.
245 1 _aSamajik pariwartanar samajtatta
_cBy Utpal Saikia
250 _a1st.
260 _aDibrugarh:
_bBanalata,
_c2014.
300 _a326p.
653 _aSocial processes
653 _aSocial change
942 _cBK
999 _c6764
_d6764